Prevalence of burnout syndrome among staff at Deloitte limited, Nairobi, Kenya /

Sábháilte in:
Sonraí bibleagrafaíochta
Príomhchruthaitheoir: Kinuthia, Gladys Wairimu
Formáid: LEABHAR
Teanga:Béarla
Foilsithe / Cruthaithe: Nairobi : Daystar University, 2016.
Ábhair:
Clibeanna: Cuir clib leis
Níl clibeanna ann, Bí ar an gcéad duine le clib a chur leis an taifead seo!

MARC

LEADER 00000nam a2200000 4500
001 0000060077
005 20171002023659.0
008 161004s xx 000 0 eng d
040 |d EOtanga 
050 |a HF5548.85  |b .K4K56 
100 |a Kinuthia, Gladys Wairimu. 
245 |a Prevalence of burnout syndrome among staff at Deloitte limited, Nairobi, Kenya /  |c Gladys Wairimu Kinuthia. 
260 |a Nairobi :  |b Daystar University,  |c 2016. 
300 |a xii, 69 p :  |b ill ;  |c  cm. 
500 |a A thesis presented to the School of Human and Social Sciences of Daystar University Nairobi, Kenya in partial fulfilment of the requirements for the degree of Master of Arts in Counseling Psychology. 
650 |a Adjustment (Psychology). 
650 |a Burn out (Psychology). 
650 |a Job Stress. 
908 |a 161004 
942 |c THES 
952 |0 0  |1 0  |4 0  |6 HF_5548_850000000000000_K4K56_2016  |7 0  |9 76546  |a DUN  |b DUN  |c AFR  |d 2017-09-28  |g 0.00  |l 0  |o THES HF5548.85.K4K56 2016  |p BK0101070  |r 2017-09-28 00:00:00  |w 2017-09-28  |x 101070  |y THES 
989 |a 1481627877 
999 |c 39227  |d 39227